00449nam a22001457a 4500022001500000082002800015100002100043245004100064300002100105526003700126650001300163942001200176999001900188952009600207 a0340568291 a620.11bCAScL-21, P-82 aCase John940726 aStrength of Materials and Structures a502p. :bills. ; a0b0c0d620_110000000000000_CAS aMCE9379 2ddccBK c544982d544982 00102ddc4070aMCEbMCEd2014-05-15l0o620.11 CASpMCE-28424r2014-05-15w2014-05-15yBK